Normal view MARC view
  • Ganesh N, Ed

Entry Personal Name

Number of records used in: 1

001 - CONTROL NUMBER

  • control field: 113220

003 - CONTROL NUMBER IDENTIFIER

  • control field: OSt

005 - DATE AND TIME OF LATEST TRANSACTION

  • control field: 20230125044435.0

008 - FIXED-LENGTH DATA ELEMENTS

  • fixed length control field: 230125|| aca||aabn | a|a d

040 ## - CATALOGING SOURCE

  • Original cataloging agency: OSt
  • Transcribing agency: OSt

100 ## - HEADING--PERSONAL NAME

  • Personal name: Ganesh N, Ed

670 ## - SOURCE DATA FOUND

  • Source citation: Work cat.: (OSt)90260: Ganesh N, Ed., The Best of Speaking Tree , 2008